Commonly Used URL Schemes - Statistics

General Stats
  • This quiz has been taken 7 times
  • The average score is 4 of 8
Answer Stats
Answer Hint % Correct
http(s) a web page
83%
file a document stored locally on a user's computer
67%
ftp a document stored on an FTP server
67%
fax a fax phone number
50%
sms a mobile text message
50%
tel a telephone number
50%
geo a geophysical coordinate
33%
mailto a email address
33%
No matching quizzes found
Score Distribution
Percent of People with Each Score
Percentile by Number Answered
Your Score History
You have not taken this quiz